Giáo trình hóa keo (Tài liệu dùng cho sinh viên các ngành Hóa học, Sinh - Kỹ thuật nông nghiệp,...)

Nội dung tài liệu trình bày những đặc tính chung của hệ keo, phương pháp điều chế và tinh chế, hiện tượng bề mặt và sự hấp thụ, tính chất của hệ keo, nhũ tương, hợp chất cao phân tử và dung dịch của hợp chất cao phân tử...

Descripción completa

Guardado en:
Detalles Bibliográficos
Autor principal: Nguyễn, Tuyên
Formato: Libro
Lenguaje:Undetermined
Publicado: Hà Nội Khoa học và Kỹ thuật 2015
Materias:
Etiquetas: Agregar Etiqueta
Sin Etiquetas, Sea el primero en etiquetar este registro!
Thư viện lưu trữ: Trung tâm Học liệu Trường Đại học Cần Thơ
LEADER 01181nam a2200217Ia 4500
001 CTU_200705
008 210402s9999 xx 000 0 und d
020 |c 79000 
082 |a 541.3451 
082 |b T527 
100 |a Nguyễn, Tuyên 
245 0 |a Giáo trình hóa keo 
245 0 |b (Tài liệu dùng cho sinh viên các ngành Hóa học, Sinh - Kỹ thuật nông nghiệp,...) 
245 0 |c Nguyễn Tuyên (chủ biên), Nguyễn Thị Vương Hoàn (đồng chủ biên), Nguyễn Phi Hùng 
260 |a Hà Nội 
260 |b Khoa học và Kỹ thuật 
260 |c 2015 
520 |a Nội dung tài liệu trình bày những đặc tính chung của hệ keo, phương pháp điều chế và tinh chế, hiện tượng bề mặt và sự hấp thụ, tính chất của hệ keo, nhũ tương, hợp chất cao phân tử và dung dịch của hợp chất cao phân tử 
650 |a Chemistry, physical and theoretical,Colloids,Hóa học chất keo,Chất keo 
904 |i Bằng 
980 |a Trung tâm Học liệu Trường Đại học Cần Thơ